Voltaire (Record no. 208506)

MARC details
000 -LEADER
fixed length control field 00315nam a2200145Ia 4500
008 - FIXED-LENGTH DATA ELEMENTS--GENERAL INFORMATION
fixed length control field 230917s9999||||xx |||||||||||||| ||und||
040 ## - CATALOGING SOURCE
-- 4228
Original cataloging agency VIVEKANANDA LIBRARY
041 ## - Language
-- English
082 ## - DDC NUMBER
Classification number 843.4 V889V
100 ## - MAIN ENTRY--PERSONAL NAME
Personal name Fulter, Edmuind
245 #0 - TITLE STATEMENT
Title Voltaire
260 ## - PUBLICATION, DISTRIBUTION, ETC. (IMPRINT)
Name of publisher, distributor, etc Dell
Date of publication, distribution, etc 1959
300 ## - PHYSICAL DESCRIPTION
Pages 383 p.
942 ## - ADDED ENTRY ELEMENTS (KOHA)
Koha item type Books
Holdings
Withdrawn status Lost status Damaged status Not for loan Location (home branch) Sublocation or collection (holding branch) Date acquired Koha issues (times borrowed) Koha full call number Accession No. Koha date last seen Koha item type
        VIVEKANANDA LIBRARY VIVEKANANDA LIBRARY 08/08/2002   843.4 V889V 70497 17/09/2023 Books
© Designed and Maintained by Vivekananda Library, MDU Rohtak